Report, 1965. (Record no. 74228)

MARC details
000 -LEADER
fixed length control field 00805cam a22002531 4500
001 - CONTROL NUMBER
control field sa 67004041
003 - CONTROL NUMBER IDENTIFIER
control field DLC
005 - DATE AND TIME OF LATEST TRANSACTION
control field 20260227112343.0
008 - FIXED-LENGTH DATA ELEMENTS--GENERAL INFORMATION
fixed length control field 801002s1966 ii f000 0 eng
010 ## - LIBRARY OF CONGRESS CONTROL NUMBER
LC control number sa 67004041
025 ## - OVERSEAS ACQUISITION NUMBER
Overseas acquisition number PL480:I-E-7929
035 ## - SYSTEM CONTROL NUMBER
System control number (OCoLC)6777596
040 ## - CATALOGING SOURCE
Original cataloging agency DLC
Transcribing agency NIC
Modifying agency DLC
042 ## - AUTHENTICATION CODE
Authentication code premarc
050 00 - LIBRARY OF CONGRESS CALL NUMBER
Classification number HD4966.I52
Item number I4
110 1# - MAIN ENTRY--CORPORATE NAME
Corporate name or jurisdiction name as entry element India (Republic).
Subordinate unit Central Wage Board for Iron and Steel Industry.
245 00 - TITLE STATEMENT
Title Report, 1965.
260 ## - PUBLICATION, DISTRIBUTION, ETC.
Place of publication, distribution, etc. Delhi,
Name of publisher, distributor, etc. Manager of Publications,
Date of publication, distribution, etc. 1966.
300 ## - PHYSICAL DESCRIPTION
Extent 237 p.
Dimensions 34 cm.
500 ## - GENERAL NOTE
General note Cover title.
500 ## - GENERAL NOTE
General note "Report of the Expert Committee on Wage Differentials": p. 133-234.
650 #0 - SUBJECT ADDED ENTRY--TOPICAL TERM
Topical term or geographic name entry element Wages
General subdivision Iron and steel workers
Geographic subdivision India.
710 1# - ADDED ENTRY--CORPORATE NAME
Corporate name or jurisdiction name as entry element India (Republic).
Subordinate unit Expert Committee on Wage Differentials.
Title of a work Report.

No items available.

Powered by Koha